Normal view
MARC view
- Nanney, J. Louis
Entry Personal Name
001 - CONTROL NUMBER
- control field: 102493
003 - CONTROL NUMBER IDENTIFIER
- control field: NUST
005 - DATE AND TIME OF LATEST TRANSACTION
- control field: 20221110115502.0
008 - FIXED-LENGTH DATA ELEMENTS
- fixed length control field: 221110|| aca||aabn | a|a d
040 ## - CATALOGING SOURCE
- Original cataloging agency: NUST
- Transcribing agency: NUST
100 ## - HEADING--PERSONAL NAME
- Personal name: Nanney, J. Louis
670 ## - SOURCE DATA FOUND
- Source citation: Work cat.: (NUST)182074: Nanney, J. Louis., Algebra and trigonometry, a skills approach /, [1980]
